Automatic process control for chemical engineers (Record no. 25223)

000 -LEADER
fixed length control field 00528nam a2200193 4500
001 - CONTROL NUMBER
control field 25223
003 - CONTROL NUMBER IDENTIFIER
control field BD-DhUET
008 - FIXED-LENGTH DATA ELEMENTS--GENERAL INFORMATION
fixed length control field 150304b1956 xxu||||| |||| 00| 0 eng d
040 ## - CATALOGING SOURCE
Original cataloging agency DLC
Transcribing agency DLC
Modifying agency BD-DhUET
082 ## - DEWEY DECIMAL CLASSIFICATION NUMBER
Classification number 660.28
Item number CEA/1956
100 ## - MAIN ENTRY--PERSONAL NAME
Personal name Ceaglaske, Norman H.
245 ## - TITLE STATEMENT
Title Automatic process control for chemical engineers
250 ## - EDITION STATEMENT
Edition statement 1st ed.
260 ## - PUBLICATION, DISTRIBUTION, ETC. (IMPRINT)
Place of publication, distribution, etc. New Delhi
Name of publisher, distributor, etc. Wiley Eastern
Date of publication, distribution, etc. 1956
300 ## - PHYSICAL DESCRIPTION
Extent xiv, 228 p.
Other physical details ill.
Dimensions 23 cm.
504 ## - BIBLIOGRAPHY, ETC. NOTE
Bibliography, etc Includes bibliographies
650 #0 - SUBJECT ADDED ENTRY--TOPICAL TERM
Topical term or geographic name as entry element Chemical engineering
942 ## - ADDED ENTRY ELEMENTS (KOHA)
Koha item type General Book
Holdings
Koha full call number Not for loan Copy number Damaged status Withdrawn status Price effective from Location (home branch) Lost status Date acquired Shelving location Source of classification or shelving scheme Koha normalized classification for sorting Sublocation or collection (holding branch) Koha date last seen Piece designation (barcode) Koha item type
660.28/CEA/1956 1  2015-05-13Central Library, BUET 2015-05-13Circulation section 660_280000000000000_CEA_1956Central Library, BUET2015-05-1332624General Book
660.28/CEA/1956 2  2015-05-13Central Library, BUET 2015-05-13Circulation section 660_280000000000000_CEA_1956Central Library, BUET2015-05-1332623General Book
660.28/CEA/1956 3  2015-05-13Central Library, BUET 2015-05-13Circulation section 660_280000000000000_CEA_1956Central Library, BUET2015-05-1332622General Book
660.28/CEA/1956 4  2015-05-13Central Library, BUET 2015-05-13Circulation section 660_280000000000000_CEA_1956Central Library, BUET2015-05-1332621General Book
660.28/CEA/1956 5  2015-05-13Central Library, BUET 2015-05-13Circulation section 660_280000000000000_CEA_1956Central Library, BUET2015-05-1320928General Book
660.28/CEA/1956 6  2015-05-13Central Library, BUET 2015-05-13Circulation section 660_280000000000000_CEA_1956Central Library, BUET2015-05-1337310General Book
660.28/CEA/1956 7  2015-05-13Central Library, BUET 2015-05-13Circulation section 660_280000000000000_CEA_1956Central Library, BUET2015-05-1332625General Book
660.28/CEA/1956 8  2015-05-13Central Library, BUET 2015-05-13Circulation section 660_280000000000000_CEA_1956Central Library, BUET2015-05-1311145General Book
660.28/CEA/1956 9  2015-05-13Central Library, BUET 2015-05-13Circulation section 660_280000000000000_CEA_1956Central Library, BUET2015-05-1311148General Book
660.28/CEA/1956 10  2015-05-13Central Library, BUET 2015-05-13Circulation section 660_280000000000000_CEA_1956Central Library, BUET2015-05-1311144General Book
660.28/CEA/1956 11  2015-05-13Central Library, BUET 2015-05-13Circulation section 660_280000000000000_CEA_1956Central Library, BUET2015-05-1312431General Book
660.28/CEA/1956 12  2015-05-13Central Library, BUET 2015-05-13Circulation section 660_280000000000000_CEA_1956Central Library, BUET2015-05-1310151General Book